| 000 | 00600nam a22002057a 4500 | ||
|---|---|---|---|
| 003 | PILC | ||
| 005 | 20151020131331.0 | ||
| 008 | 130930t xxu||||| |||| 00| 0 eng d | ||
| 020 | _a9812552839 | ||
| 050 |
_aLB 3454 _b.Y19 2004 |
||
| 082 |
_aGS 428 _bY1 2004 |
||
| 100 |
_aYam, Peter _921213 |
||
| 245 |
_aVocabulary & usage : Secondary level / _cPeter Yam. |
||
| 260 |
_aSingapore : _bSingapore Asian Publications, _c2004. |
||
| 300 |
_a172 p. : _c24 cm. |
||
| 650 |
_aEnglish language _xStudy and teaching. _922196 |
||
| 650 |
_aVocabulary. _92460 |
||
| 942 |
_2lcc _cBK |
||
| 999 |
_c12378 _d12378 |
||